All "Buffy the Vampire Slayer" Characters That Appear In Intro - Statistics

General Stats
  • This quiz has been taken 48 times
  • The average score is 11 of 12
Answer Stats
Character Seasons % Correct
Buffy Summers 1-7
100%
Rupert Giles 1-5
100%
Spike 4-7
100%
Willow Rosenberg 1-7
100%
Xander Harris 1-7
100%
Angel 2-3
97%
Tara Maclay 6
92%
Cordelia Chase 1-3
86%
Dawn Summers 5-7
86%
Anya Jenkins 5-7
83%
Daniel "Oz" Osbourne 3-4
78%
Riley Finn 4-5
75%
No matching quizzes found
Score Distribution
Percent of People with Each Score
Percentile by Number Answered
Your Score History
You have not taken this quiz